Top 100 US Baby Girl Names from 2015 - Statistics

General Stats
  • This quiz has been taken 1,090 times
  • The average score is 44 of 100
Answer Stats
Hint Answer % Correct
1 Emma
89%
2 Olivia
86%
5 Isabella
84%
8 Emily
83%
13 Elizabeth
79%
4 Ava
78%
14 Sofia
78%
3 Sophia
78%
44 Anna
76%
92 Annabelle
76%
9 Charlotte
75%
18 Ella
75%
94 Isabelle
75%
74 Bella
74%
19 Grace
73%
28 Hannah
72%
26 Lillian
71%
25 Lily
71%
58 Sarah
71%
39 Allison
70%
12 Amelia
70%
17 Chloe
69%
100 Khloe
69%
6 Mia
67%
11 Madison
64%
7 Abigail
61%
15 Evelyn
61%
33 Zoe
58%
23 Zoey
58%
75 Eva
57%
89 Julia
57%
20 Victoria
57%
10 Harper
54%
84 Katherine
52%
24 Addison
50%
82 Brianna
50%
47 Ellie
50%
32 Alexa
48%
16 Avery
48%
55 Lucy
48%
40 Samantha
47%
29 Aria
46%
46 Ariana
46%
56 Arianna
46%
27 Natalie
45%
86 Alexis
44%
36 Leah
43%
87 Alice
42%
85 Ashley
42%
64 Hailey
41%
62 Caroline
40%
90 Madeline
40%
83 Ruby
39%
49 Claire
38%
22 Scarlett
38%
69 Maya
37%
53 Mila
37%
41 Nora
37%
50 Violet
37%
93 Alyssa
35%
60 Eleanor
35%
35 Riley
35%
37 Audrey
34%
54 Gabriella
33%
78 Aubree
32%
21 Aubrey
32%
98 Clara
32%
66 Kylie
32%
34 Penelope
32%
76 Taylor
32%
31 Brooklyn
31%
91 Faith
31%
30 Layla
31%
38 Savannah
31%
43 Camila
29%
51 Stella
29%
61 Kaylee
27%
73 Mackenzie
27%
63 Hazel
24%
77 Naomi
23%
81 Lydia
21%
48 Aaliyah
20%
70 Nevaeh
20%
72 Peyton
20%
525 Sadie
20%
67 Autumn
19%
88 Cora
19%
96 Gianna
19%
97 Quinn
18%
57 Kennedy
17%
68 Piper
17%
80 Melanie
16%
45 Paisley
16%
79 Aurora
15%
42 Skylar
15%
95 Vivian
14%
65 Genesis
11%
59 Madelyn
10%
71 Serenity
9%
99 Reagan
8%
No matching quizzes found
Score Distribution
Percent of People with Each Score
Percentile by Number Answered
Your Score History
You have not taken this quiz